|
|
|
|
| LEADER |
00000csb a2200000 a 4500 |
| 003 |
Ucuenca |
| 005 |
20230308201406.0 |
| 008 |
003111| ||||||||r|||||||||||spa|| |
| 022 |
|
|
|a 0934-1684
|
| 040 |
|
|
|b spa
|
| 041 |
1 |
|
|a spa
|
| 082 |
0 |
|
|a 050
|b I61k
|
| 100 |
|
0 |
|9 188585
|a Holländer, Katarina
|
| 245 |
|
0 |
|a Arquitectos olvidados
|c Holländer, Katarina
|h imp
|
| 264 |
|
|
|a Bonn
|b Inter Nationes
|c 2003
|
| 300 |
|
|
|a páginas: 48-49
|c 21 cm
|
| 362 |
|
|
|a Año 21; no. 2 (2003)
|
| 650 |
|
|
|a Arquitectura maestros
|9 176799
|
| 650 |
|
|
|a Arquitectura alemana
|9 33763
|
| 650 |
|
|
|a Revista kulturchronik
|9 174983
|
| 852 |
|
|
|a UC-CDJBV
|f Donación
|l 1
|m General
|p 20031114
|r 2
|b 0
|d CDRC
|e CDRC
|g 050 I61k TERCER PISO (SECCION REVISTAS)
|z 2003-31-11
|
| 942 |
|
|
|c SERA
|
| 773 |
0 |
|
|0 150208
|9 128806
|a Inter Nationes
|d Bonn Inter Nationes 2003
|o 49215-2
|t Kulturchronik
|w (Ucuenca)49215-2
|x 0934-1684
|
| 999 |
|
|
|c 95605
|d 95605
|